[Event "Summer Server Series, S40071"]
[Site "CCLA"]
[Date "2014.07.28"]
[Round "?"]
[White "Laaman, Thomas"]
[Black "Avery, Bryce"]
[Result "0-1"]
[WhiteElo "1588"]
[BlackElo "1663"]

1. e4 e5 2. f4 exf4 3. Bc4 d5 4. Bxd5 Nf6 5. Nc3 Bb4 6. Nge2 g5 7. O-O Bg4
8. d3 c6 9. Bb3 Nbd7 10. Qe1 Qc7 11. h3 Be6 12. h4 h6 13. Nd4 Bc5 14. Ne2 
Qb6 15. c3 Bxb3 16. axb3 Qxb3 17. Kh1 Qb6 18. b4 Bxd4 19. Nxd4 O-O-O 20. 
Nf5 Ne5 21. d4 Nd3 22. Qe2 Nxc1 23. Rfxc1 Kb8 24. Ra5 Rde8 25. Nd6 Re7 26.
 e5 Ne8 27. Nf5 Re6 28. Rca1 a6 29. Qh5 Qd8 30. Qxf7 Nc7 31. Qh5 Qf8 32. 
Nd6 gxh4 33. Qf5 Qg7 34. Qxf4 Rg8 35. Rg1 Rg6 36. Nf5 Qf7 37. Qe4 Nd5 38. 
Ra3 h3 39. g3 h5 40. Kh2 Rg5 41. c4 Rxf5 42. cxd5 cxd5 43. Qe3 Rf2+ 44. 
Kh1 Qf5 45. Raa1 Qc2 0-1

[Event "Summer Server Series, S40071"]
[Site "CCLA"]
[Date "2014.07.28"]
[Round "?"]
[White "Laaman, Thomas"]
[Black "Evans, Stanley W."]
[Result "0-1"]
[WhiteElo "1588"]
[BlackElo "1787"]

1. e4 e5 2. f4 exf4 3. Bc4 Nc6 4. d4 Nf6 5. Nc3 Bb4 6. e5 Ne4 7. Ne2 Qh4+ 
8. g3 fxg3 9. Kf1 g2+ 10. Kxg2 Qf2+ 11. Kh3 d5+ 0-1

[Event "Herbert W. Gustafson Memorial, S47189"]
[Site "CCLA"]
[Date "2014.10.27"]
[Round "?"]
[White "Haase, F. Philip"]
[Black "Dressler, River"]
[Result "1-0"]
[WhiteElo "1641"]
[BlackElo "1233"]

1. e4 e5 2. Nc3 Bb4 3. Bc4 Nf6 4. f4 exf4 5. e5 Bxc3 6. dxc3 Ne4 7. Qf3 
Ng5 8. Qxf4 O-O 9. Qxg5 Qxg5 10. Bxg5 h6 11. Bf4 Nc6 12. O-O-O d5 13. Rxd5
Be6 14. Rc5 Bxc4 15. Rxc4 g5 16. Bg3 Rfe8 17. h4 Nxe5 18. Bxe5 Rxe5 19. 
Nf3 Re3 20. hxg5 hxg5 21. Nxg5 Rae8 22. Rxc7 f6 23. Nh7 f5 24. Nf6+ Kf8 
25. Rh8# 1-0

[Event "Summer Server Series, S40071"]
[Site "CCLA"]
[Date "2014.07.28"]
[Round "?"]
[White "Laaman, Thomas"]
[Black "Strelecky, Rich"]
[Result "0-1"]
[WhiteElo "1588"]
[BlackElo "1584"]

1. e4 e5 2. f4 exf4 3. Bc4 Nf6 4. Nc3 Nc6 5. Nf3 Bb4 6. O-O O-O 7. d3 Bxc3
8. bxc3 d5 9. exd5 Nxd5 10. Bxd5 Qxd5 11. Bxf4 Qc5+ 12. Kh1 h6 13. Bxc7 
Qxc3 14. Re1 Bg4 15. Qd2 Qxd2 16. Nxd2 Rfc8 17. Bg3 Nd4 18. Re7 Rxc2 19. 
Nc4 Be6 20. Rxb7 Bd5 21. Ne3 Bxb7 22. Nxc2 Nxc2 23. Rb1 Ba6 0-1

[Event "Continuous Server Series, S40199"]
[Site "CCLA"]
[Date "2014.06.09"]
[Round "?"]
[White "Smiley, William R."]
[Black "Duncovich, Mark"]
[Result "0-1"]
[WhiteElo "1530"]
[BlackElo "1501"]

1. e4 e5 2. f4 exf4 3. Nf3 d6 4. Bc4 g5 5. h4 g4 6. Ng1 Be7 7. h5 Bh4+ 8. 
Kf1 Qf6 9. d4 Nc6 10. d5 Ne5 11. Be2 Bd7 12. Nc3 O-O-O 13. Bd2 Nh6 14. Be1
Bg5 15. Bf2 Kb8 16. Bd4 Qg7 17. a4 f5 18. Bb5 Bc8 19. Nge2 f3 20. Ng3 f4 
21. Nf5 Nxf5 22. exf5 fxg2+ 23. Kxg2 Bxf5 0-1

[Event " Herbert W. Gustafson Memorial, S47169"]
[Site "CCLA"]
[Date "2014.10.27"]
[Round "?"]
[White "Simonson, Jay"]
[Black "Latta, David A."]
[Result "1-0"]
[WhiteElo "1364"]
[BlackElo "1350"]

1. e4 e5 2. f4 exf4 3. Nf3 Nf6 4. Nc3 Bc5 5. d4 Bb6 6. Bxf4 O-O 7. Bc4 Nc6
8. d5 Nb4 9. Qd2 Ng4 10. Rf1 f6 11. O-O-O g5 12. d6+ 1-0

[Event "Winter Server Series, S40031"]
[Site "CCLA"]
[Date "2014.01.27"]
[Round "?"]
[White "Smiley, William R."]
[Black "Hadley, Douglas R."]
[Result "1-0"]
[WhiteElo "1530"]
[BlackElo "1576"]

1. e4 e5 2. f4 exf4 3. Nf3 d6 4. d4 g5 5. h4 g4 6. Ng1 Bh6 7. Ne2 Qf6 8. 
Nbc3 c6 9. g3 fxg3 10. Nxg3 Bxc1 11. Rxc1 Ne7 12. Qd2 h5 13. Bg2 Qh6 14. 
Qxh6 Rxh6 15. d5 cxd5 16. exd5 Nd7 17. Nb5 Kd8 18. O-O Ne5 19. Rce1 Bd7 
20. Nxd6 Rxd6 21. Rxe5 Be8 22. Rfe1 Rd7 23. d6 Rxd6 24. Rxe7 Re6 25. R7xe6
fxe6 26. Rxe6 Rc8 27. c3 Rc7 28. Re5 Rh7 29. Be4 Rd7 30. Rd5 Rxd5 31. Bxd5
b6 32. Kf2 Ke7 33. Ke3 Bg6 34. Kf4 Kf6 35. Ne4+ Kg7 36. Kg5 Be8 37. Nf6 
Bg6 38. Nxh5+ Bxh5 39. Kxh5 g3 40. Kg4 Kh6 41. Kxg3 Kh5 42. Bf3+ Kg6 43. 
h5+ Kg5 44. Bg4 Kf6 45. Kf4 Kg7 46. Ke5 1-0

[Event " Herbert W. Gustafson Memorial, S47169"]
[Site "CCLA"]
[Date "2014.10.27"]
[Round "?"]
[White "Acosta, Errol"]
[Black "Simonson, Jay"]
[Result "1-0"]
[WhiteElo "1365"]
[BlackElo "1364"]

1. e4 e5 2. f4 exf4 3. Nf3 f5 4. Nc3 Qe7 5. Bc4 fxe4 6. Nd5 Qc5 7. Qe2 Nf6
8. Nxf6+ gxf6 9. Qxe4+ Qe7 10. d3 Qxe4+ 11. dxe4 Bd6 12. O-O Bc5+ 13. Kh1 
Be3 14. Bxe3 fxe3 15. Rae1 d6 16. Rxe3 Bg4 17. Nd4 Ke7 18. Rg3 Bh5 19. 
Rg7+ Ke8 20. Rxf6 Nc6 21. Bb5 Rf8 22. Rxf8+ Kxf8 23. Ne6+ Ke8 24. Rg8+ Kf7
25. Rxa8 Kxe6 26. Bxc6 bxc6 27. Rxa7 Kd7 28. Ra5 Bd1 29. c3 Bc2 30. b3 
Bxe4 31. Ra4 d5 32. Kg1 Kd6 33. Kf2 h6 34. Rxe4 dxe4 35. Ke3 Kd5 36. a4 
Kc5 37. Kxe4 Kb6 38. Kf5 Ka5 39. Kg6 c5 40. Kxh6 c6 41. g4 Kb6 42. g5 1-0

[Event "Herbert W. Gustafson Memorial Open, S47099"]
[Site "CCLA"]
[Date "2014.10.27"]
[Round "?"]
[White "Parenteau, Mike"]
[Black "Evans, Stanley W."]
[Result "0-1"]
[WhiteElo "1651"]
[BlackElo "1787"]

1. e4 e5 2. f4 exf4 3. Bc4 Nc6 4. Nf3 g5 5. O-O Bg7 6. d4 d6 7. c3 h6 8. 
Qa4 Bd7 9. Qb3 Na5 10. Bxf7+ Kf8 11. Qa3 Kxf7 12. Qxa5 Kg6 13. Nbd2 Ne7 
14. Nc4 Re8 15. Ne3 fxe3 16. Bxe3 Nc6 17. Qd5 Qe7 18. Nd2 Rf8 19. Qc4 a6 
20. Qd3 Kh7 21. Rf2 Rxf2 22. Bxf2 Rf8 23. Rf1 Be8 24. b4 Bg6 25. a4 d5 0-1

[Event "Continuous Server Series, S40149"]
[Site "CCLA"]
[Date "2014.05.05"]
[Round "?"]
[White "Acosta, Errol"]
[Black "Kline, John T."]
[Result "0-1"]
[WhiteElo "1365"]
[BlackElo "1569"]

1. e4 e5 2. f4 exf4 3. Nf3 g5 4. Bc4 Nc6 5. Nc3 g4 6. d4 gxf3 7. O-O Nxd4 
8. Bxf4 Bc5 9. Kh1 d6 10. Qd3 Ne7 11. Rxf3 Nxf3 12. Qxf3 Be6 13. Bd3 Ng6 
14. Bh6 Ne5 15. Qf4 Ng4 16. g3 Be3 17. Qxe3 Nxe3 18. Bxe3 Qe7 19. Kg2 
O-O-O 20. Rf1 d5 21. Bd4 Qd7 22. Bxh8 Bh3+ 0-1

[Event "Regular Quad, S40429"]
[Site "CCLA"]
[Date "2014.12.12"]
[Round "?"]
[White "Acosta, Errol"]
[Black "Williams, Rufus H."]
[Result "1-0"]
[WhiteElo "1365"]
[BlackElo "1222"]

1. e4 e5 2. f4 exf4 3. Nf3 g5 4. Nc3 g4 5. Ne5 Qh4+ 6. g3 fxg3 7. Qxg4 
Qxg4 8. Nxg4 gxh2 9. d4 Bg7 10. Be3 d6 11. Nxh2 Nf6 12. O-O-O Be6 13. d5 
Bd7 14. Rg1 O-O 15. Bd4 Re8 16. Bxf6 Kf8 17. Rxg7 1-0

[Event "Premier Quad, S40369"]
[Site "CCLA"]
[Date "2014.11.03"]
[Round "?"]
[White "Parenteau, Mike"]
[Black "Sereni, Vincent T."]
[Result "0-1"]
[WhiteElo "1651"]
[BlackElo "2118"]

1. e4 e5 2. f4 exf4 3. Bc4 Nc6 4. Nf3 g5 5. O-O Bg7 6. d4 h6 7. c3 Nge7 8.
 Na3 O-O 9. g3 fxg3 10. hxg3 d5 11. Bd3 dxe4 12. Bxe4 Qd6 13. Kh2 Qe6 14. 
Ng1 Qxe4 15. Re1 Qg6 16. Nc4 Re8 17. b3 b5 18. Ne5 Nxe5 19. dxe5 g4 20. 
Bf4 Bb7 0-1

[Event "Continuous Server Series, S40149"]
[Site "CCLA"]
[Date "2014.05.05"]
[Round "?"]
[White "Acosta, Errol"]
[Black "Risovic, Aleksandar"]
[Result "0-1"]
[WhiteElo "1365"]
[BlackElo "1672"]

1. e4 e5 2. f4 exf4 3. Nf3 g5 4. Bc4 Bg7 5. h4 h6 6. d4 d6 7. Nc3 Nc6 8. 
O-O g4 9. Nh2 Bxd4+ 10. Kh1 f3 11. g3 Nf6 12. Bf4 Be6 13. Bb5 Bb6 14. Qd2 
Nh5 15. Rae1 Qf6 16. e5 dxe5 17. Bxe5 Qxe5 18. Rxe5 Nxg3# 0-1

[Event "Continuous Server Series, S40199"]
[Site "CCLA"]
[Date "2014.06.09"]
[Round "?"]
[White "Acosta, Errol"]
[Black "Smiley, William R."]
[Result "0-1"]
[WhiteElo "1365"]
[BlackElo "1530"]

1. e4 e5 2. f4 exf4 3. Nf3 g5 4. h4 g4 5. Ng5 d5 6. d4 f6 7. Bxf4 fxg5 8. Bxg5 
Be7 {Breyer-Toufar, Kosice 1921, 1-0 in 17 moves.} 9. Nc3 {Thoren-Unmack, Malmo 
2004, 1-0 in 38 moves.} Bxg5 10. hxg5 Ne7 11. Qd3 c6 12. Be2 Bd7 13. O-O-O Qc7 
14. e5 Be6 15. Rxh7 Rg8 16. Qg3 Qd7 17. Rxe7+ Qxe7 18. Kb1 Nd7 19. Na4 O-O-O 
20. Qb3 Rxg5 21. g3 Rh8 22. Qc3 Kb8 23. Ka1 Rgh5 24. b4 b5 25. Nc5 Nxc5 26. bxc5 
Rh1 27. Rxh1 Rxh1+ 28. Kb2 Qg5 0-1

[Event "NA Class A Server Championship, S40109"]
[Site "CCLA"]
[Date "2014.04.30"]
[Round "?"]
[White "Shannon, Paul D."]
[Black "Vecchio, Ralph"]
[Result "0-1"]
[WhiteElo "1832"]
[BlackElo "1815"]

1. e4 e5 2. f4 exf4 3. Nf3 g5 4. h4 g4 5. Ne5 d6 6. Nxg4 Be7 7. Bc4 Bxh4+ 
8. Kf1 Qg5 9. Nh2 Qg6 10. Nc3 Nf6 11. Nf3 Bg5 12. d4 Bg4 13. e5 dxe5 14. 
dxe5 Nh5 15. Ne2 Nc6 16. c3 Rd8 17. Qb3 O-O 18. Rg1 Na5 19. Qa4 Nxc4 20. 
Qxc4 Bxf3 21. gxf3 Rd1+ 22. Kg2 Bh4+ 23. Kh1 Ng3+ 24. Kh2 Rxg1 25. Nxg1 
Kh8 26. Bxf4 Rg8 27. Nh3 Qc2+ 0-1

[Event "Regular Quad, S40309"]
[Site "CCLA"]
[Date "2014.09.15"]
[Round "?"]
[White "Acosta, Errol"]
[Black "Laven, George"]
[Result "0-1"]
[WhiteElo "1365"]
[BlackElo "1834"]

1. e4 e5 2. f4 exf4 3. Nf3 g5 4. h4 g4 5. Ne5 Nf6 6. Bc4 d5 7. exd5 Bd6 8.
 d4 Nh5 9. O-O Qxh4 10. Bb5+ Kf8 11. Bxf4 Bxe5 12. Bxe5 g3 13. Rxf7+ Kxf7 
14. Qf3+ Nf6 15. Bxf6 Qxf6 16. Qh5+ Kg7 17. Qe5 Qxe5 18. dxe5 c6 19. dxc6 
bxc6 20. Bc4 Bf5 21. Nc3 Bxc2 22. e6 Re8 23. Re1 h5 24. Re5 h4 25. Ne2 Rd8
26. Nc3 Bg6 27. e7 Re8 28. Ne4 Nd7 29. Re6 Nb6 30. Nd6 Nxc4 31. Nxc4 Bf7 
32. Rxc6 Bxc4 33. Rxc4 Rxe7 0-1

[Event "Regular Quad, S40299"]
[Site "CCLA"]
[Date "2014.09.15"]
[Round "?"]
[White "Smiley, William R."]
[Black "Leber, David"]
[Result "1-0"]
[WhiteElo "1530"]
[BlackElo "1375"]

1. e4 e5 2. f4 exf4 3. Nf3 g5 4. h4 g4 5. Ne5 Nf6 6. d4 d6 7. Nd3 Nxe4 8. 
Bxf4 Qe7 9. Be2 Nc6 10. c3 Bf5 11. d5 Nb8 12. Nd2 Nd7 13. Nxe4 Bxe4 14. 
Kf1 Rg8 15. Nf2 Bf5 16. Nxg4 O-O-O 17. Bg5 f6 18. Bd2 Qe4 19. Bf3 Qe7 20. 
Kf2 Re8 21. Qa4 Kb8 22. Rhe1 Qf7 23. Be3 b6 24. Qf4 Bg6 25. a4 Bd3 26. b4 
Re7 27. Bd4 Rg6 28. h5 Rg7 29. Nh6 Qe8 30. Nf5 Bxf5 31. Qxf5 Qf7 32. Re6 
Rg5 33. Qe4 h6 34. Re1 Rxe6 35. dxe6 Qe8 36. Qa8# 1-0

[Event "Summer Server Series, S40081"]
[Site "CCLA"]
[Date "2014.07.28"]
[Round "?"]
[White "Blankenship, Jerry T."]
[Black "Sanchez, David A."]
[Result "1-0"]
[WhiteElo "1599"]
[BlackElo "1471"]

1. e4 e5 2. f4 exf4 3. Nf3 g5 4. h4 g4 5. Ne5 d6 6. Nxg4 Be7 7. Nf2 Bxh4 
8. d4 Qg5 9. Nc3 Nf6 10. d5 Bxf2+ 11. Kxf2 Qg3+ 12. Kg1 Rg8 13. Ne2 Bg4 
14. Nxg3 Bxd1 15. Bxf4 Bg4 16. Re1 Nbd7 17. Nf5 Ne5 18. Bb5+ Nfd7 19. Bxe5
dxe5 20. Rxh7 1-0

[Event "Summer Server Series, S40081"]
[Site "CCLA"]
[Date "2014.07.28"]
[Round "?"]
[White "Acosta, Errol"]
[Black "Smiley, William R."]
[Result "1-0"]
[WhiteElo "1365"]
[BlackElo "1530"]

1. e4 e5 2. f4 exf4 3. Nf3 g5 4. h4 g4 5. Ne5 d6 6. Nxg4 Nf6 7. Nxf6+ Qxf6
8. d4 Be7 9. Nc3 c6 10. Qd3 Bg4 11. Bd2 Nd7 12. Be2 h5 13. O-O-O Nf8 14. 
Bxg4 hxg4 15. Rdf1 Rxh4 16. Rxh4 Qxh4 17. Bxf4 O-O-O 18. Bg3 Qh5 19. b3 
Nd7 20. Rf5 Qg6 21. Kb2 f6 22. Ra5 Kb8 23. d5 Rc8 24. dxc6 bxc6 25. Bxd6+ 
1-0

[Event "Winter Server Series, S40041"]
[Site "CCLA"]
[Date "2014.01.27"]
[Round "?"]
[White "Anderson, Lawrence D."]
[Black "Gunning, Edward E."]
[Result "1/2-1/2"]
[WhiteElo "1365"]
[BlackElo "1350"]

1. e4 e5 2. Nf3 Bc5 3. Bc4 d6 4. c3 Nh6 5. d4 exd4 6. cxd4 Bb4+ 7. Nc3 O-O
8. Bxh6 gxh6 9. Rc1 c6 10. O-O b5 11. Bb3 Bg4 12. Re1 Nd7 13. Re3 h5 14. 
Qd3 Nf6 15. Nh4 d5 16. exd5 Nxd5 17. Bxd5 cxd5 18. Nxb5 Qa5 19. a3 a6 20. 
axb4 Qxb5 21. Qxb5 axb5 22. Rg3 Kh8 23. f3 Be6 24. f4 Rac8 25. Rxc8 Rxc8 
26. Rc3 f5 27. Nf3 Rc4 28. g3 Rxb4 29. b3 Kg7 30. h3 h6 31. Kf2 Kf6 32. 
Ne5 Rxd4 33. Nc6 b4 34. Re3 Rd2+ 35. Re2 Rd3 36. Nxb4 Rxb3 37. Nc2 Rb2 38.
 Nd4 Rxe2+ 39. Nxe2 Ke7 40. Nd4 Kd6 41. Ke3 Bd7 42. Kd3 Kc5 43. Kc3 Kd6 
44. Kb4 Be6 45. h4 Bd7 46. Kc3 1/2-1/2

[Event " Herbert W. Gustafson Memorial, S47169"]
[Site "CCLA"]
[Date "2014.10.27"]
[Round "?"]
[White "Gunning, Edward E."]
[Black "Latta, David A."]
[Result "1-0"]
[WhiteElo "1350"]
[BlackElo "1350"]

1. e4 e5 2. Nf3 Bc5 3. Bc4 f6 4. O-O Ne7 5. Nc3 Nec6 6. d3 Qe7 7. Nd5 Qd6 
8. Nh4 Nd4 9. Nf5 Qf8 10. Be3 Nbc6 11. Nxc7+ Kd8 12. Nxa8 Nb4 13. Bxd4 
exd4 14. Qd2 g6 15. Nh6 a6 16. Nf7+ 1-0

[Event "3rd TCCL Friendly Server Tournament, 3rdTCCL"]
[Site "CCLA"]
[Date "2014.07.10"]
[Round "?"]
[White "Caliguire, John J."]
[Black "Latta, Richard W."]
[Result "1-0"]
[WhiteElo "2233"]
[BlackElo "1396"]

1. e4 e5 2. Nf3 d5 3. exd5 Qxd5 4. Nc3 Qe6 5. Bb5+ c6 6. Ba4 e4 7. O-O Be7
8. Re1 Nf6 9. d3 Bd6 10. dxe4 Nbd7 11. e5 Bxe5 12. Bb3 Nd5 13. Nxd5 O-O 
14. Nb6 Qf6 15. Nxa8 h5 16. Bg5 Qf5 17. Nxe5 Nxe5 18. Be7 Re8 19. Nc7 Bd7 
20. Nxe8 Ng4 21. Bh4 g5 22. Qd4 Qg6 23. Re7 Bxe8 24. Rxe8+ Kh7 25. Rh8# 
1-0

[Event "Premier Quad, S40439"]
[Site "CCLA"]
[Date "2014.12.19"]
[Round "?"]
[White "Fausey, Verna M."]
[Black "Vecchio, Ralph"]
[Result "0-1"]
[WhiteElo "1747"]
[BlackElo "1815"]

1. e4 e5 2. Nf3 d5 3. exd5 Bd6 4. d4 e4 5. Ne5 Nf6 6. Nc3 O-O 7. Bc4 Bf5 
8. Bg5 h6 9. Bh4 c6 10. O-O Nbd7 11. dxc6 bxc6 12. g3 Qc7 13. Nxd7 Nxd7 
14. Ba6 Qb6 15. Bc4 Qxb2 16. Na4 Qb4 17. Bb3 Qb7 18. Qh5 Bh3 19. Rfb1 Qa6 
20. Qg6 Be6 21. Bxe6 Qxa4 22. c3 fxe6 23. Qxe6+ Rf7 24. Qxd6 Qc2 25. Rf1 
Qxc3 26. Rac1 Qd3 27. Qxc6 Raf8 28. Qxe4 Qxe4 0-1

[Event "Winter Server Series, S40041"]
[Site "CCLA"]
[Date "2014.01.27"]
[Round "?"]
[White "Gunning, Edward E."]
[Black "Smiley, William R."]
[Result "1/2-1/2"]
[WhiteElo "1350"]
[BlackElo "1530"]

1. e4 e5 2. Nf3 f5 3. d3 d6 4. Nc3 f4 5. d4 Bg4 6. Be2 Bxf3 7. Bxf3 Qf6 8.
 O-O c6 9. d5 Ne7 10. b3 Ng6 11. Bh5 Be7 12. Ba3 O-O 13. Qg4 c5 14. Nb5 
Na6 15. Qd7 Rfb8 16. Qe6+ Qxe6 17. dxe6 Rc8 18. g3 Nc7 19. Nxc7 Rxc7 20. 
Be2 Rf8 21. c3 Rf6 22. Bc4 Nf8 23. Bd5 Nxe6 24. b4 b6 25. Bb2 Kf8 26. Rad1
g5 27. a3 f3 28. Rfe1 Rc8 29. Re3 Nc7 30. Bc4 g4 31. Red3 b5 32. Bd5 c4 
33. R3d2 Rb8 34. Ra1 Rb6 35. Rdd1 Bd8 36. Ra2 a6 37. Bc1 h6 38. Be3 Rb8 
39. Ba7 Nxd5 40. Rxd5 Rb7 41. Be3 Ke8 42. Rd1 Rd7 43. a4 Rb7 1/2-1/2

[Event "Winter Server Series, S40031"]
[Site "CCLA"]
[Date "2014.01.27"]
[Round "?"]
[White "Hadley, Douglas R."]
[Black "Smiley, William R."]
[Result "1-0"]
[WhiteElo "1576"]
[BlackElo "1530"]

1. e4 e5 2. Nf3 f5 3. Nxe5 Qf6 4. d4 d6 5. Nc4 fxe4 6. Nc3 Qg6 7. f3 exf3 
8. Qxf3 c6 9. Bd3 Qg4 10. Qe3+ Qe6 11. O-O Qxe3+ 12. Bxe3 Nf6 13. Rae1 Be7
14. Bg5 Kd8 15. a4 Bd7 16. Bf4 Ne8 17. Bg3 b5 18. axb5 cxb5 19. Ne3 Bf6 
20. Be4 Nc6 21. Nxb5 Rb8 22. Nxd6 Nxd6 23. Bxd6 Rxb2 24. c3 Be7 25. Bxe7+ 
Nxe7 26. Ra1 1-0

[Event "Continuous Server Series, S40189"]
[Site "CCLA"]
[Date "2014.06.06"]
[Round "?"]
[White "Wolff, Nicholas"]
[Black "Martindale, Roger"]
[Result "1-0"]
[WhiteElo "1568"]
[BlackElo "1209"]

1. e4 e5 2. Nf3 d6 3. Nc3 a6 4. Be2 Nf6 5. d3 h6 6. h3 Nc6 7. O-O Nd4 8. 
Be3 Nxe2+ 9. Nxe2 c5 10. c4 b6 11. Nc3 Be7 12. a3 Bd7 13. b4 O-O 14. Nd5 
Nxd5 15. cxd5 Bg5 16. Bxg5 hxg5 17. Nh2 f5 18. Qh5 Be8 19. Qf3 f4 20. Qg4 
g6 21. Nf3 Bd7 22. Qxg5 Qxg5 23. Nxg5 cxb4 24. axb4 a5 25. bxa5 bxa5 26. 
Rfb1 a4 27. Rb7 Rfd8 28. Ne6 Bxe6 29. dxe6 Re8 30. Rb4 a3 31. Rb3 Rxe6 32.
 Raxa3 Rxa3 33. Rxa3 Re8 34. Kh2 Kg7 35. g3 Rf8 36. g4 g5 37. Ra7+ Rf7 38.
 Rxf7+ Kxf7 39. h4 gxh4 40. Kh3 Kg6 41. Kxh4 Kh6 42. f3 Kg6 43. g5 Kg7 44.
 Kh5 Kh7 45. g6+ Kg7 46. Kg5 Kg8 47. Kf6 Kh8 48. Ke6 Kg7 49. Kxd6 Kxg6 50.
 Kxe5 Kg5 51. d4 1-0

[Event "Herbert W. Gustafson Memorial, S47199"]
[Site "CCLA"]
[Date "2014.10.27"]
[Round "?"]
[White "Martindale, Roger"]
[Black "Cain, Larry F."]
[Result "0-1"]
[WhiteElo "1251"]
[BlackElo "1349"]

1. e4 e5 2. Nf3 d6 3. h3 Nf6 4. d3 Be7 5. c4 O-O 6. a3 b6 7. b4 a6 8. Nc3 
Bb7 9. Be2 c5 10. b5 a5 11. a4 Nbd7 12. Be3 Re8 13. O-O Nf8 14. Qd2 Ng6 
15. Nd5 Bxd5 16. cxd5 Qc8 17. Rfc1 Nd7 18. d4 exd4 19. Bf4 Nf6 20. Qd3 
Nxf4 21. Qd2 Nxh3+ 22. gxh3 Qxh3 23. Ng5 Qh4 24. Nf3 Qg4+ 25. Kf1 Qxe4 26.
 Qa2 Ng4 27. Ke1 d3 28. Rc4 Qf5 29. Bd1 Bh4+ 30. Kf1 Bxf2 31. Qd2 Be3 32. 
Qc3 d2 33. Ke2 Bd4+ 34. Kxd2 Bxc3+ 35. Rxc3 Qxd5+ 36. Rd3 Qe4 37. Rxd6 
Rad8 38. Rxd8 Rxd8+ 39. Kc3 Qb4+ 40. Kc2 Ne3+ 0-1

[Event "Regular Quad, S40359"]
[Site "CCLA"]
[Date "2014.10.20"]
[Round "?"]
[White "Williams, Rufus H."]
[Black "Martindale, Roger"]
[Result "1-0"]
[WhiteElo "1222"]
[BlackElo "1209"]

1. e4 e5 2. Nf3 d6 3. h3 Nf6 4. Nc3 a6 5. a4 c5 6. d3 h6 7. Be2 Nc6 8. O-O
Be7 9. Re1 O-O 10. b3 Nb4 11. Bb2 a5 12. Na2 Nxa2 13. Rxa2 b6 14. Nh4 Bb7 
15. Nf5 Qc7 16. Qd2 Rfd8 17. Nxh6+ Kf8 18. Nf5 Ng8 19. Qe3 g5 20. Qf3 Ke8 
21. Qh5 Kd7 22. Nxe7 Nxe7 23. Bg4+ f5 24. Bxf5+ Nxf5 25. exf5 Qc6 26. f3 
d5 27. Qf7+ Kc8 28. Rxe5 Kb8 29. Re7 Ka7 30. Rxb7+ Ka6 31. Bg7 Qxb7 32. 
Qxb7+ Kxb7 33. f6 Rd7 34. Ra1 Re8 35. Kf2 d4 36. g4 Rd5 37. Kg3 Rd7 38. h4
Re2 39. hxg5 Rxc2 40. Re1 Rd8 41. f7 Rc3 42. Re8 Rxe8 43. fxe8=Q Rxd3 44. 
Qd7+ Ka6 45. Be5 Rxb3 46. Bb8 b5 47. Qa7# 1-0

[Event "Premier Quad, S40279"]
[Site "CCLA"]
[Date "2014.09.12"]
[Round "?"]
[White "Silverman, Robert"]
[Black "Rasmussen, Bruce A."]
[Result "1-0"]
[WhiteElo "1871"]
[BlackElo "1539"]

1. e4 e5 2. Nf3 d6 3. d3 Nf6 4. Nc3 g6 5. d4 Qe7 6. dxe5 dxe5 7. Bc4 Bg7 
8. O-O O-O 9. Qe2 Nc6 10. Nd5 Qd6 11. Rd1 Nb4 12. Nxb4 Qxb4 13. Nxe5 Qc5 
14. Bf4 g5 15. Bg3 h5 16. Nxf7 Kh7 17. e5 Ng4 18. e6 Re8 19. Rd8 Rf8 20. 
Nxg5+ Qxg5 21. Qe4+ Kg8 22. e7+ 1-0

[Event "Regular Quad, S40359"]
[Site "CCLA"]
[Date "2014.10.20"]
[Round "?"]
[White "Mueller, Anthony"]
[Black "Martindale, Roger"]
[Result "1-0"]
[WhiteElo "1367"]
[BlackElo "1209"]

1. e4 e5 2. Nf3 d6 3. Bc4 Nf6 4. Nc3 h6 5. h3 a6 6. d4 b5 7. Bb3 c5 8. 
dxc5 Nc6 9. a3 Be6 10. Bxe6 fxe6 11. cxd6 Bxd6 12. O-O Qb6 13. Qxd6 Kf7 
14. Nxe5+ Kg8 15. Nxc6 Re8 16. Ne7+ Kh7 17. Qxb6 Rxe7 18. Qxa6 Rb8 19. 
Nxb5 Nxe4 20. Nc3 Nc5 21. Qc4 Nd7 22. Re1 Nf6 23. Rxe6 Rxe6 24. Qxe6 Re8 
25. Qf5+ Kh8 26. Bxh6 Rg8 27. Bxg7+ Kxg7 28. Re1 1-0

[Event "Premier Quad, S40279"]
[Site "CCLA"]
[Date "2014.09.12"]
[Round "?"]
[White "Catania, Duane"]
[Black "Rasmussen, Bruce A."]
[Result "1-0"]
[WhiteElo "1774"]
[BlackElo "1539"]

1. e4 e5 2. Nf3 d6 3. Bc4 Qe7 4. O-O Nf6 5. Re1 g6 6. c3 Bg7 7. d3 O-O 8. 
Bg5 Bg4 9. Nbd2 c6 10. Bb3 h6 11. Bh4 g5 12. Bg3 Nbd7 13. Nf1 d5 14. exd5 
cxd5 15. Ne3 d4 16. Nxg4 Nxg4 17. Nxd4 Qc5 18. Qxg4 Nf6 19. Qf5 Ng4 20. 
Qxg4 exd4 21. cxd4 Bxd4 22. Qh5 Bxb2 23. Qg6+ Bg7 24. Be5 1-0

[Event "Premier Quad, S40259"]
[Site "CCLA"]
[Date "2014.08.18"]
[Round "?"]
[White "Catania, Duane"]
[Black "Shannon, Paul D."]
[Result "1-0"]
[WhiteElo "1774"]
[BlackElo "1832"]

1. e4 e5 2. Nf3 d6 3. Bc4 Be7 4. O-O Nf6 5. d3 O-O 6. c3 c6 7. Bb3 Bg4 8. 
h3 Bh5 9. Re1 Nbd7 10. Nbd2 Nc5 11. Bc2 Ne6 12. Nf1 Nd7 13. Ng3 Bxf3 14. 
Qxf3 g6 15. Bh6 Ng7 16. d4 Bg5 17. Bxg5 Qxg5 18. Rad1 Qe7 19. Nf1 f5 20. 
exf5 Nxf5 21. Qg4 Rae8 22. Ng3 Nxg3 23. Qxg3 Qf6 24. Re3 d5 25. Rf3 Qg7 
26. dxe5 Rxf3 27. Qxf3 Nxe5 28. Qe3 Ra8 29. Re1 Nc4 30. Qg5 Kf8 31. Re6 
Nxb2 32. Rf6+ Kg8 33. Bxg6 Kh8 34. Qh4 Rg8 35. g4 Nc4 36. Bxh7 Qg5 37. 
Qxg5 Rxg5 38. Bf5 Kg7 39. Re6 Kf7 40. Re2 Rg7 41. f4 Nd6 42. Bc2 Nb5 43. 
Re3 d4 44. cxd4 Nxd4 45. Bd1 c5 46. Kf2 Kf8 47. f5 b5 48. Re5 Rc7 49. g5 
c4 50. Rd5 c3 51. Rxd4 c2 52. Bxc2 Rxc2+ 53. Kf3 Rxa2 54. Rd7 b4 55. f6 
Ra6 56. Rb7 1-0

[Event "Continuous Server Series, S40049"]
[Site "CCLA"]
[Date "2014.02.07"]
[Round "?"]
[White "Kline, John T."]
[Black "Gunning, Edward E."]
[Result "1-0"]
[WhiteElo "1569"]
[BlackElo "1350"]

1. e4 e5 2. Nf3 d6 3. d4 Bg4 4. c3 Nf6 5. Bd3 Be7 6. Qb3 b6 7. dxe5 dxe5 
8. Nxe5 O-O 9. Bc4 Bh5 10. Nd2 Bd6 11. f4 Nbd7 12. Nxd7 Nxd7 13. e5 Nc5 
14. Qc2 Qe8 15. O-O Be7 16. b4 Bg6 17. f5 Bh5 18. bxc5 Bxc5+ 19. Kh1 Qxe5 
20. Ne4 Bd6 21. Nxd6 cxd6 22. Bf4 Qc5 23. Qd3 Rad8 24. Be3 Qe5 25. Bd4 Be2
26. Qxe2 Qxe2 27. Bxe2 Rfe8 28. Bb5 Re4 29. Rae1 Rxe1 30. Rxe1 Kf8 31. f6 
g6 32. Re7 a5 33. Rb7 h5 34. Bxb6 Ra8 35. Bc4 Kg8 36. Rxf7 Ra6 37. Ra7+ 
1-0

[Event "Regular Quad, S40469"]
[Site "CCLA"]
[Date "2014.12.29"]
[Round "?"]
[White "Anderson, Lawrence D."]
[Black "Martindale, Roger"]
[Result "0-1"]
[WhiteElo "1365"]
[BlackElo "1209"]

1. e4 e5 2. Nf3 d6 3. d4 Bd7 4. dxe5 a6 5. Nc3 h6 6. Bc4 b5 7. Be2 Nc6 8. 
Nd5 Nxe5 9. Bf4 c6 10. Nc3 Qf6 11. Bxe5 dxe5 12. O-O Qd6 13. a3 Nf6 14. 
Qxd6 Bxd6 15. Rad1 Bc5 16. Nd2 O-O 17. Nb3 Bb6 18. Kh1 Bg4 19. f3 Bh5 20. 
Rd2 c5 21. Rfd1 c4 22. Nc1 Be3 23. Rd6 Bd4 24. N1a2 Ne8 25. b3 Nxd6 26. 
Nd5 cxb3 27. cxb3 Ra7 28. a4 bxa4 29. bxa4 f5 30. Nab4 f4 31. a5 Be8 32. 
Nxa6 Rb7 33. Nac7 Rb2 34. Bd3 Ba4 35. a6 Bxd1 36. Ne6 Rf7 37. Nxd4 exd4 
38. e5 Nb7 39. a7 Ra2 40. Bc4 Kh8 41. Nb4 Rxa7 42. Bxf7 Nd8 43. Bd5 Ra1 
44. Kg1 Bb3+ 45. Kf2 Bxd5 46. Nxd5 d3 47. Nc3 Rc1 48. Ne4 Ne6 49. g3 Nd4 
50. gxf4 Nb3 51. Ke3 Nc5 52. Nxc5 Rxc5 53. Kxd3 Rc1 54. Ke4 Kg8 55. f5 Rh1
56. h4 Rxh4+ 57. f4 Rg4 58. e6 Kf8 59. Ke5 h5 60. f6 gxf6+ 61. Kf5 Ke7 0-1